[Event "DVM 2008 U20"]
[Site "Arendsee"]
[Date "2008.12.27"]
[Round "2.1"]
[White "Mazarov, Jürgen"]
[Black "Coenen, Michael"]
[Result "1-0"]
[WhiteElo "2139"]
[BlackElo "2268"]
[PlyCount "121"]
[EventDate "2008.??.??"]
[WhiteTeam "SG Bochum 1931"]
[BlackTeam "SG Porz"]

1. e4 c5 2. Nf3 d6 3. d4 cxd4 4. Nxd4 Nf6 5. Nc3 a6 6. f3 e5 7. Nb3 Be6 8. g4
Nxg4 9. fxg4 Qh4+ 10. Kd2 Be7 11. Qe1 Qxg4 12. Qg3 Bg5+ 13. Kd3 Qxg3+ 14. hxg3
Bd8 15. Bh3 Nc6 16. Bxe6 fxe6 17. a3 O-O 18. Ke2 a5 19. Be3 a4 20. Nd2 Ba5 21.
Nc4 Bxc3 22. bxc3 d5 23. Nb6 Ra5 24. Rhd1 Rd8 25. Bg5 Rf8 26. exd5 exd5 27.
Rxd5 Ra6 28. Nd7 Rc8 29. Rb1 h6 30. Bd2 Rc7 31. Nc5 Ra5 32. Ne6 Re7 33. Rxa5
Nxa5 34. Nc5 Rc7 35. Nxa4 Nc4 36. Rb3 Nd6 37. Nb2 b5 38. a4 bxa4 39. Nxa4 Kf7
40. Nb6 Ke6 41. c4 Nf5 42. Rc3 Rf7 43. c5 Nd4+ 44. Kd3 Nb5 45. Rc4 Rf3+ 46. Ke2
Rxg3 47. c6 Nc7 48. Na4 Rg2+ 49. Ke1 Rg1+ 50. Kf2 Rg6 51. Ba5 Rf6+ 52. Kg3 Rf4
53. Nc5+ Kd5 54. Rxf4 exf4+ 55. Kxf4 g5+ 56. Kg4 Ne8 57. c7 Nd6 58. Nd7 Kc6 59.
Nb6 Kb5 60. c4+ Kc5 61. Kh5 1-0

[Event "DVM 2008 U20"]
[Site "Arendsee"]
[Date "2008.12.27"]
[Round "2.2"]
[White "Savchenko, Aleksij"]
[Black "Tkachuk, Konstantyn"]
[Result "1/2-1/2"]
[WhiteElo "2203"]
[BlackElo "2154"]
[PlyCount "83"]
[EventDate "2008.??.??"]
[WhiteTeam "SG Porz"]
[BlackTeam "SG Bochum 1931"]

1. d4 Nf6 2. c4 g6 3. Nc3 d5 4. Nf3 Bg7 5. Bg5 Ne4 6. cxd5 Nxg5 7. Nxg5 e6 8.
Qd2 exd5 9. Qe3+ Kf8 10. Qf4 Bf6 11. h4 Kg7 12. O-O-O c6 13. e4 h6 14. Nxf7
Kxf7 15. e5 Kg7 16. exf6+ Qxf6 17. Qc7+ Nd7 18. h5 g5 19. Rh3 Qd8 20. Qg3 Nf8
21. Rh1 Bf5 22. Bd3 Bxd3 23. Rxd3 Rh7 24. Re1 Kg8 25. f4 Rg7 26. Re5 Nd7 27.
Re6 gxf4 28. Qxf4 Qg5 29. Qxg5 Rxg5 30. Rxh6 Rxg2 31. Rd2 Rxd2 32. Kxd2 Rf8 33.
Ne2 Rf3 34. Rg6+ Kf7 35. Ng3 Nf6 36. Ke2 Rf4 37. Ke3 Rh4 38. Rg5 Ne4 39. Rf5+
Kg7 40. Nxe4 Rxe4+ 41. Kd3 Rh4 42. Kc3 1/2-1/2

[Event "DVM 2008 U20"]
[Site "Arendsee"]
[Date "2008.12.27"]
[Round "2.3"]
[White "Werthebach, Felix"]
[Black "Kuznetsov, Mark"]
[Result "1/2-1/2"]
[WhiteElo "2128"]
[BlackElo "2022"]
[PlyCount "123"]
[EventDate "2008.??.??"]
[WhiteTeam "SG Bochum 1931"]
[BlackTeam "SG Porz"]

1. c4 Nf6 2. g3 d5 3. Bg2 e6 4. Nf3 Be7 5. O-O O-O 6. Qc2 Nbd7 7. d4 c5 8. cxd5
exd5 9. Nc3 b6 10. Bf4 Bb7 11. Rad1 Qc8 12. Qb1 Re8 13. Rfe1 Bf8 14. Nb5 Nh5
15. Ng5 Ndf6 16. Nc7 Nxf4 17. Nxe8 Qxe8 18. gxf4 h6 19. Nf3 Bd6 20. e3 Qe6 21.
Qc2 Rc8 22. Qa4 a6 23. Qb3 Ne4 24. Ne5 cxd4 25. Bxe4 Bxe5 26. fxe5 dxe4 27.
Qxe6 fxe6 28. Rxd4 Bd5 29. Rb4 Rc6 30. Rd1 Kf7 31. f3 exf3 32. e4 Bxa2 33. Kf2
a5 34. Rbd4 Rc5 35. b4 axb4 36. Rxb4 b5 37. Rd2 Bc4 38. Kxf3 Rxe5 39. Kf4 Kf6
40. Rd8 Rh5 41. Rb2 Rh4+ 42. Kf3 Ke5 43. Rg8 Rf4+ 44. Kg3 Rf7 45. Rf2 Ra7 46.
Kf3 Bd3 47. Rc8 Bxe4+ 48. Ke3 Ra3+ 49. Kd2 Ra2+ 50. Ke3 Rxf2 51. Kxf2 Kd4 52.
h4 b4 53. Rd8+ Kc3 54. Ke3 Bf5 55. Rc8+ Kb2 56. Kd2 b3 57. Rg8 g6 58. Rh8 Be4
59. Rh7 Ka1 60. Ra7+ Kb1 61. Kc3 b2 62. Rf7 1/2-1/2

[Event "DVM 2008 U20"]
[Site "Arendsee"]
[Date "2008.12.27"]
[Round "2.4"]
[White "Senay, Baris"]
[Black "Pilat, Daniel"]
[Result "1/2-1/2"]
[WhiteElo "1865"]
[BlackElo "2075"]
[PlyCount "119"]
[EventDate "2008.??.??"]
[WhiteTeam "SG Porz"]
[BlackTeam "SG Bochum 1931"]

1. Nf3 d5 2. g3 Nf6 3. Bg2 Bg4 4. O-O Nbd7 5. d4 e6 6. c4 c6 7. b3 Bd6 8. Bb2
Qc7 9. Nbd2 O-O 10. Re1 Rad8 11. a3 Bxf3 12. Nxf3 Ne4 13. Qc2 f5 14. e3 Rf7 15.
Nd2 Be7 16. f3 Nxd2 17. Qxd2 Bg5 18. Qc2 Qb8 19. e4 f4 20. e5 Nf8 21. Rad1 Bh6
22. Bc3 Rdd7 23. Qf2 Qd8 24. Bf1 Ng6 25. Bh3 Qe8 26. Bb4 Rd8 27. Bf1 Ne7 28. g4
g6 29. h4 Bf8 30. Bd3 Nc8 31. Bxf8 Qxf8 32. c5 Qe7 33. Kg2 Rg7 34. Rh1 h6 35.
Qc2 Qf7 36. b4 h5 37. g5 Ne7 38. Qd2 Rf8 39. a4 a6 40. b5 axb5 41. axb5 cxb5
42. Bxb5 Nf5 43. Ra1 Qe7 44. Qxf4 Rgf7 45. Rh3 b6 46. Rc1 bxc5 47. Rxc5 Qa7 48.
Bd3 Qa2+ 49. Rc2 Qb3 50. Bxf5 Rxf5 51. Qd2 Rxf3 52. Rc3 Rxc3 53. Rxc3 Qb1 54.
Qd3 Qxd3 55. Rxd3 Rf4 56. Kg3 Rg4+ 57. Kh3 Rf4 58. Kg3 Rg4+ 59. Kh3 Rf4 60. Kg3
1/2-1/2

[Event "DVM 2008 U20"]
[Site "Arendsee"]
[Date "2008.12.27"]
[Round "2.5"]
[White "Zeldin, Leonid"]
[Black "Gadschisade, Machmud"]
[Result "1-0"]
[WhiteElo "2073"]
[BlackElo "1891"]
[PlyCount "40"]
[EventDate "2008.??.??"]
[WhiteTeam "SG Bochum 1931"]
[BlackTeam "SG Porz"]

1. e4 g6 2. d4 Bg7 3. Be3 Nf6 4. Nc3 d6 5. f3 O-O 6. Qd2 Re8 7. O-O-O c6 8. h4
h5 9. Nh3 Qa5 10. Kb1 b5 11. Ne2 b4 12. Nef4 c5 13. dxc5 dxc5 14. e5 Nfd7 15.
e6 fxe6 16. Nxe6 Bc3 17. Qd5 Nb6 18. Qe4 Bxe6 19. Qxe6+ Kg7 20. Ng5 Rf8 1-0

[Event "DVM 2008 U20"]
[Site "Arendsee"]
[Date "2008.12.27"]
[Round "2.6"]
[White "Sistig, Max"]
[Black "Hobusch, Alexander"]
[Result "0-1"]
[WhiteElo "1810"]
[BlackElo "1999"]
[PlyCount "68"]
[EventDate "2008.??.??"]
[WhiteTeam "SG Porz"]
[BlackTeam "SG Bochum 1931"]

1. d4 e6 2. c4 d5 3. Nc3 Nf6 4. Nf3 Nbd7 5. Bg5 Be7 6. e3 O-O 7. Qc2 c5 8. cxd5
cxd4 9. exd4 Nxd5 10. Bxe7 Qxe7 11. Bd3 N7f6 12. O-O Nb4 13. Qd2 Bd7 14. Be2
Rfd8 15. a3 Nbd5 16. Rfe1 Rac8 17. Bd3 Bc6 18. Ne5 Qd6 19. Ne4 Nxe4 20. Rxe4
Nf6 21. Rh4 Qd5 22. Qg5 h6 23. Rxh6 Qxg2+ 24. Qxg2 Bxg2 25. Rh4 Bd5 26. Kf1 Nd7
27. Ng4 g6 28. Ne3 Nf6 29. Ke2 Kg7 30. Rf1 Bc6 31. Rh3 Rxd4 32. Rg3 Nh5 33. Rg4
Nf4+ 34. Ke1 Nxd3+ 0-1

[Event "DVM 2008 U20"]
[Site "Arendsee"]
[Date "2008.12.27"]
[Round "2.1"]
[White "Bracker, Frank"]
[Black "Strache, Michael"]
[Result "1/2-1/2"]
[WhiteElo "2222"]
[BlackElo "2202"]
[PlyCount "39"]
[EventDate "2008.??.??"]
[WhiteTeam "Hamburger SK von 1830"]
[BlackTeam "SV Sangerhausen"]

1. e4 e5 2. Nf3 Nc6 3. Bb5 Nf6 4. O-O Nxe4 5. d4 Nd6 6. Bg5 Be7 7. Bxe7 Qxe7 8.
Bxc6 dxc6 9. dxe5 Nf5 10. Qd2 h6 11. Nc3 Be6 12. Qf4 O-O-O 13. Rfd1 Qc5 14. a3
Qc4 15. Qxc4 Bxc4 16. g4 Ne7 17. Kg2 Nd5 18. Rd4 b5 19. Nxd5 Bxd5 20. Kg3
1/2-1/2

[Event "DVM 2008 U20"]
[Site "Arendsee"]
[Date "2008.12.27"]
[Round "2.2"]
[White "Lieder, Konrad"]
[Black "Bracker, Arne"]
[Result "1-0"]
[WhiteElo "2192"]
[BlackElo "2162"]
[PlyCount "75"]
[EventDate "2008.??.??"]
[WhiteTeam "SV Sangerhausen"]
[BlackTeam "Hamburger SK von 1830"]

1. d4 Nf6 2. g3 g6 3. Bg2 Bg7 4. e4 d6 5. Ne2 O-O 6. O-O e5 7. Nbc3 Nc6 8. d5
Ne7 9. f4 Ne8 10. fxe5 dxe5 11. Na4 b6 12. c4 c5 13. Bg5 Nd6 14. Rc1 f6 15. Be3
Bg4 16. h3 Bd7 17. b4 cxb4 18. c5 Bxa4 19. Qxa4 bxc5 20. Rxc5 a5 21. Nc1 Nec8
22. Rc6 Rf7 23. Nb3 Na7 24. Rc5 Nab5 25. Rxb5 Qe8 26. Rxb4 axb4 27. Qxb4 Bf8
28. Nc5 Nb7 29. Rc1 Rc8 30. Qb6 Rfc7 31. Nxb7 Rxc1+ 32. Bxc1 Rxc1+ 33. Kh2 Kg7
34. Nd8 Qe7 35. Ne6+ Kf7 36. a4 Qb4 37. Qd8 Qe1 38. Qxf8# 1-0

[Event "DVM 2008 U20"]
[Site "Arendsee"]
[Date "2008.12.27"]
[Round "2.3"]
[White "Dalakian, Haroutioun"]
[Black "Günther, Christian"]
[Result "1/2-1/2"]
[WhiteElo "2069"]
[BlackElo "2110"]
[PlyCount "91"]
[EventDate "2008.??.??"]
[WhiteTeam "Hamburger SK von 1830"]
[BlackTeam "SV Sangerhausen"]

1. Nf3 d5 2. d4 Nf6 3. c4 c6 4. e3 a6 5. Bd3 b5 6. b3 e6 7. O-O Nbd7 8. Nbd2
Bb7 9. Bb2 Be7 10. Qc2 O-O 11. Ne5 h6 12. f4 dxc4 13. bxc4 bxc4 14. Ndxc4 c5
15. Nxd7 Nxd7 16. Rad1 Qc7 17. Qe2 cxd4 18. exd4 Rae8 19. Rc1 Qb8 20. Na5 Bd5
21. Bxa6 Qb6 22. Bb5 Qxa5 23. Bxd7 Rd8 24. Bc3 Qxa2 25. Bb5 Qxe2 26. Bxe2 Rc8
27. Bd2 Bf6 28. Be3 Rxc1 29. Rxc1 Ra8 30. Rc2 Ra3 31. Kf2 g6 32. g3 Kg7 33. Rd2
Bd8 34. Rd3 Ra4 35. Bf3 Ra2+ 36. Rd2 Rxd2+ 37. Bxd2 Bb6 38. Bc3 Bxf3 39. Kxf3
Kf8 40. Bb4+ Ke8 41. Ke4 f5+ 42. Ke5 Kf7 43. d5 exd5 44. Kxd5 Bf2 45. Bc5 Be1
46. Bg1 1/2-1/2

[Event "DVM 2008 U20"]
[Site "Arendsee"]
[Date "2008.12.27"]
[Round "2.4"]
[White "Richter, Dustin"]
[Black "Colpe, Malte"]
[Result "0-1"]
[WhiteElo "1927"]
[BlackElo "2089"]
[PlyCount "94"]
[EventDate "2008.??.??"]
[WhiteTeam "SV Sangerhausen"]
[BlackTeam "Hamburger SK von 1830"]

1. e4 c5 2. Nf3 d6 3. d4 cxd4 4. Nxd4 Nf6 5. Nc3 a6 6. Be3 e5 7. Nb3 Be6 8. f3
h5 9. Qd2 Nbd7 10. O-O-O Qc7 11. Kb1 Be7 12. Rg1 b5 13. Be2 Nb6 14. Bxb5+ axb5
15. Nxb5 Qb8 16. Nxd6+ Bxd6 17. Qxd6 Qxd6 18. Rxd6 Nc4 19. Rd3 Nxe3 20. Rxe3
Ke7 21. Rd3 h4 22. Nc1 g5 23. b3 g4 24. c4 Rag8 25. Rdd1 gxf3 26. gxf3 h3 27.
Rxg8 Rxg8 28. Kc2 Nh5 29. Nd3 f6 30. a4 Rg2+ 31. Rd2 Ng3 32. Ne1 Rg1 33. hxg3
Rxe1 34. a5 Ra1 35. Kc3 Rxa5 36. Rh2 Ra8 37. g4 Rh8 38. b4 Kf7 39. c5 Kg6 40.
b5 Kg5 41. b6 Bc8 42. c6 Kf4 43. b7 Bxb7 44. cxb7 Kg3 45. Rh1 Rb8 46. Rb1 h2
47. Kc4 Rxb7 0-1

[Event "DVM 2008 U20"]
[Site "Arendsee"]
[Date "2008.12.27"]
[Round "2.5"]
[White "Wiese, Phil"]
[Black "Wölfer, Jan"]
[Result "1/2-1/2"]
[WhiteElo "1966"]
[BlackElo "1802"]
[PlyCount "78"]
[EventDate "2008.??.??"]
[WhiteTeam "Hamburger SK von 1830"]
[BlackTeam "SV Sangerhausen"]

1. d4 Nf6 2. Nf3 e6 3. g3 c5 4. Bg2 d5 5. O-O Be7 6. c4 O-O 7. Qc2 Nbd7 8. Rd1
Qb6 9. b3 cxd4 10. Nxd4 Bc5 11. e3 dxc4 12. Qxc4 Ne5 13. Qe2 Nc6 14. Nxc6 bxc6
15. Bb2 Be7 16. Nd2 Ba6 17. Nc4 Qb5 18. Rac1 Rac8 19. Qf3 Qh5 20. Qxh5 Nxh5 21.
Rd7 Bc5 22. Bf3 Nf6 23. Bxf6 gxf6 24. Na5 Ba3 25. Rxc6 Bb5 26. Rxc8 Rxc8 27.
Rd1 Rc2 28. h4 Rxa2 29. Nc6 a6 30. Nd4 Be8 31. Bb7 Bc5 32. Bc6 Bxc6 33. Nxc6
Rb2 34. Ra1 Rxb3 35. Rxa6 Kg7 36. Ra4 Rb6 37. Na5 f5 38. Rc4 Rb5 39. Nc6 Bd6
1/2-1/2

[Event "DVM 2008 U20"]
[Site "Arendsee"]
[Date "2008.12.27"]
[Round "2.6"]
[White "Ellemann, Stefan"]
[Black "Held, Florian"]
[Result "0-1"]
[WhiteElo "1647"]
[BlackElo "1943"]
[PlyCount "54"]
[EventDate "2008.??.??"]
[WhiteTeam "SV Sangerhausen"]
[BlackTeam "Hamburger SK von 1830"]

1. d4 Nf6 2. c4 g6 3. Nc3 Bg7 4. e4 d6 5. Be2 O-O 6. h3 e5 7. d5 a5 8. Nf3 Na6
9. O-O Nc5 10. Bg5 h6 11. Bxf6 Qxf6 12. Ne1 Qh4 13. Qc2 f5 14. f3 f4 15. Nd3 b6
16. Nf2 h5 17. Qd1 Bh6 18. Rc1 Rf7 19. b3 g5 20. a3 g4 21. fxg4 f3 22. Bxf3
Bxc1 23. Qxc1 Nxb3 24. Qh6 Nd4 25. Bd1 Ba6 26. Qg6+ Rg7 27. Qxh5 Qg3 0-1

[Event "DVM 2008 U20"]
[Site "Arendsee"]
[Date "2008.12.27"]
[Round "2.1"]
[White "Eidner, Falk"]
[Black "Nuber, Korbinian"]
[Result "0-1"]
[WhiteElo "1993"]
[BlackElo "2106"]
[PlyCount "86"]
[EventDate "2008.??.??"]
[WhiteTeam "USG Chemnitz"]
[BlackTeam "SC Dillingen"]

1. e4 Nf6 2. e5 Nd5 3. d4 d6 4. Nf3 Bg4 5. h3 Bxf3 6. Qxf3 dxe5 7. dxe5 Nc6 8.
Bb5 Qd7 9. O-O a6 10. Ba4 b5 11. Bb3 e6 12. Rd1 Rd8 13. Bf4 Na5 14. Bg5 Be7 15.
Bxe7 Qxe7 16. Bxd5 exd5 17. Rxd5 Rxd5 18. Qxd5 O-O 19. Nc3 Nc4 20. b3 Rd8 21.
Qe4 Qxe5 22. Re1 Qxe4 23. Nxe4 Na3 24. c3 Kf8 25. Nc5 a5 26. Nb7 Rd2 27. Nxa5
Rxa2 28. Nc6 g6 29. Nd4 Nc2 30. Nxc2 Rxc2 31. Re3 Rc1+ 32. Kh2 c5 33. Kg3 Rb1
34. c4 bxc4 35. bxc4 Rc1 36. Re4 f5 37. Rf4 Kg7 38. Kf3 Kf6 39. g4 Rc3+ 40. Ke2
Rxh3 41. f3 Ke5 42. Ke3 Rh1 43. g5 Re1+ 0-1

[Event "DVM 2008 U20"]
[Site "Arendsee"]
[Date "2008.12.27"]
[Round "2.2"]
[White "Billing, Christian"]
[Black "Schätz, Christopher"]
[Result "1-0"]
[WhiteElo "2214"]
[BlackElo "1888"]
[PlyCount "55"]
[EventDate "2008.??.??"]
[WhiteTeam "SC Dillingen"]
[BlackTeam "USG Chemnitz"]

1. e4 c5 2. Nf3 Nc6 3. Bb5 d6 4. O-O g6 5. d4 Qb6 6. Nc3 e6 7. d5 a6 8. Ba4 Qc7
9. dxc6 b5 10. Nxb5 axb5 11. Bxb5 Ne7 12. Bg5 Nxc6 13. Bf6 Rg8 14. Ne5 Bb7 15.
Nc4 Be7 16. Bxe7 Kxe7 17. Bxc6 Qxc6 18. Re1 Rgb8 19. b3 Rd8 20. Qd2 d5 21. Ne5
Qd7 22. Ng4 dxe4 23. Qg5+ Kf8 24. Qf6 e5 25. Qh8+ Ke7 26. Qxh7 Bc8 27. Qh4+ Kf8
28. Ne3 1-0

[Event "DVM 2008 U20"]
[Site "Arendsee"]
[Date "2008.12.27"]
[Round "2.3"]
[White "Rosenblatt, Marcus"]
[Black "Nuber, Blasius"]
[Result "1-0"]
[WhiteElo "1936"]
[BlackElo "2073"]
[PlyCount "47"]
[EventDate "2008.??.??"]
[WhiteTeam "USG Chemnitz"]
[BlackTeam "SC Dillingen"]

1. e4 e5 2. Nf3 Nc6 3. d4 exd4 4. Bc4 d6 5. c3 dxc3 6. Nxc3 Nf6 7. Bg5 Be7 8.
O-O O-O 9. Qc2 Bg4 10. Rac1 Bxf3 11. gxf3 Ne5 12. Be2 Nh5 13. Bxe7 Qxe7 14. Nd5
Qg5+ 15. Kh1 c6 16. Rg1 Qh4 17. Ne3 Qxf2 18. Nf5 Nf4 19. Qd2 Qxe2 20. Rxg7+ Kh8
21. Qxf4 Qxf3+ 22. Qxf3 Nxf3 23. Rc3 Nh4 24. Rh3 1-0

[Event "DVM 2008 U20"]
[Site "Arendsee"]
[Date "2008.12.27"]
[Round "2.4"]
[White "Nuber, Helene"]
[Black "Oertel, Thomas"]
[Result "1/2-1/2"]
[WhiteElo "2040"]
[BlackElo "1864"]
[PlyCount "154"]
[EventDate "2008.??.??"]
[WhiteTeam "SC Dillingen"]
[BlackTeam "USG Chemnitz"]

1. e4 e6 2. d4 d5 3. e5 c5 4. c3 Nc6 5. Nf3 Qb6 6. a3 c4 7. Nbd2 f6 8. exf6
Nxf6 9. g3 Bd6 10. Qe2 O-O 11. Bh3 e5 12. Bxc8 Raxc8 13. Nxe5 Nxe5 14. dxe5
Bxe5 15. Nf3 Bd6 16. Be3 Qc7 17. Nd4 Qd7 18. O-O-O Ng4 19. h3 Ne5 20. Rd2 a5
21. Kb1 b5 22. f4 Nd3 23. Qg4 Qxg4 24. hxg4 b4 25. cxb4 axb4 26. Nf5 Rfd8 27.
axb4 Bxb4 28. Rdh2 g6 29. Nd4 Rd7 30. Nf3 Bc5 31. Bxc5 Rxc5 32. Ng5 Rcc7 33.
Ne6 Rb7 34. Rd1 Rb6 35. f5 Rdb7 36. Rdd2 Rd7 37. Rh1 gxf5 38. gxf5 Ne5 39. Rhd1
c3 40. Rxd5 Rxb2+ 41. Kc1 Rdb7 42. Rxe5 Ra7 43. Rd8+ Kf7 44. Ng5+ Kf6 45. Ne4+
Kxe5 46. Nxc3 Rg2 47. Rd5+ Kf6 48. Ne4+ Kg7 49. Kb1 Rb7+ 50. Kc1 Rc7+ 51. Kb1
Re2 52. Nc5 Kf7 53. g4 h6 54. Ne6 Rb7+ 55. Ka1 Ra7+ 56. Kb1 Rg2 57. Rd4 Kf6 58.
Nc5 Rc7 59. Nd7+ Ke7 60. Ne5 Kf6 61. Nd7+ Kg5 62. Ne5 Re7 63. Nf3+ Kf6 64. Rd6+
Kf7 65. Rxh6 Rxg4 66. Rh7+ Ke8 67. Rxe7+ Kxe7 68. Kc2 Rf4 69. Nd2 Rxf5 70. Kd3
Rf4 71. Nc4 Ke6 72. Nd2 Kd5 73. Ke3 Rd4 74. Nf3 Re4+ 75. Kd3 Rg4 76. Ke3 Ra4
77. Ng5 Ra3+ 1/2-1/2

[Event "DVM 2008 U20"]
[Site "Arendsee"]
[Date "2008.12.27"]
[Round "2.5"]
[White "Leschner, Marius"]
[Black "Giss, Arthur"]
[Result "0-1"]
[WhiteElo "1884"]
[BlackElo "1975"]
[PlyCount "32"]
[EventDate "2008.??.??"]
[WhiteTeam "USG Chemnitz"]
[BlackTeam "SC Dillingen"]

1. e4 c5 2. f4 Nc6 3. Bc4 e6 4. Nc3 g6 5. Nf3 Bg7 6. O-O Nge7 7. d3 O-O 8. Be3
Nd4 9. e5 d5 10. exd6 Nef5 11. Bf2 Qxd6 12. g3 Qc6 13. Nxd4 Nxd4 14. Ne4 b5 15.
Bb3 f5 16. Bxd4 Bxd4+ 0-1

[Event "DVM 2008 U20"]
[Site "Arendsee"]
[Date "2008.12.27"]
[Round "2.6"]
[White "Darr, Thomas"]
[Black "Klebanov, Andrej"]
[Result "1-0"]
[WhiteElo "1972"]
[BlackElo "1863"]
[PlyCount "37"]
[EventDate "2008.??.??"]
[WhiteTeam "SC Dillingen"]
[BlackTeam "USG Chemnitz"]

1. d4 e6 2. c4 d5 3. Nf3 Nf6 4. g3 b6 5. Bg2 Bb7 6. O-O c5 7. Ne5 Nbd7 8. Qa4
Bd6 9. Bf4 Qc7 10. Nc3 a6 11. Nxd7 Nxd7 12. Bxd6 Qxd6 13. dxc5 Qxc5 14. cxd5
Bxd5 15. Nxd5 exd5 16. Rfd1 b5 17. Qg4 Nf6 18. Qxg7 Ke7 19. Bxd5 1-0

[Event "DVM 2008 U20"]
[Site "Arendsee"]
[Date "2008.12.27"]
[Round "2.1"]
[White "Aulich, Marcell"]
[Black "Armbrust, Florian"]
[Result "1-0"]
[WhiteElo "2114"]
[BlackElo "2311"]
[PlyCount "117"]
[EventDate "2008.??.??"]
[WhiteTeam "SF Brackel 1930"]
[BlackTeam "TSV Schott Mainz"]

1. e4 c5 2. Nf3 d6 3. d4 cxd4 4. Nxd4 Nf6 5. Nc3 Nc6 6. Bg5 e6 7. Qd2 Be7 8.
O-O-O Nxd4 9. Qxd4 O-O 10. f4 Qa5 11. Bb5 h6 12. Bh4 Rd8 13. Rd3 a6 14. Rg3 Kf8
15. Be2 e5 16. Qe3 exf4 17. Qxf4 Be6 18. Rf1 Qe5 19. Qxe5 dxe5 20. Rd3 b5 21.
Bxf6 Bxf6 22. Nd5 Bxd5 23. Rxd5 Rxd5 24. exd5 e4 25. c3 Ke7 26. Kc2 Be5 27. h3
g6 28. a4 bxa4 29. Ra1 f5 30. Rxa4 a5 31. b4 Bc7 32. b5 Bb6 33. Rc4 Rd8 34. Rc6
Rd6 35. c4 Rxc6 36. dxc6 Kf6 37. Kb3 Ke5 38. Ka4 Bc7 39. Kb3 Bb6 40. Ka4 Bd8
41. Kb3 h5 42. h4 Kd6 43. Ka4 f4 44. Bf1 f3 45. gxf3 exf3 46. Bd3 f2 47. Bf1
Bxh4 48. c5+ Kc7 49. Kxa5 Be7 50. Kb4 g5 51. Bg2 Kb8 52. b6 Bd8 53. Kc4 h4 54.
Kd5 g4 55. Kd6 Kc8 56. c7 Bxc7+ 57. bxc7 h3 58. Bf1 Kb7 59. c6+ 1-0

[Event "DVM 2008 U20"]
[Site "Arendsee"]
[Date "2008.12.27"]
[Round "2.2"]
[White "Dann, Matthias"]
[Black "Heyden, Jonas"]
[Result "1-0"]
[WhiteElo "2259"]
[BlackElo "2027"]
[PlyCount "73"]
[EventDate "2008.??.??"]
[WhiteTeam "TSV Schott Mainz"]
[BlackTeam "SF Brackel 1930"]

1. e4 e5 2. Nf3 Nc6 3. Bb5 a6 4. Bxc6 dxc6 5. O-O Bd6 6. d4 Bg4 7. dxe5 Bxf3 8.
Qxf3 Bxe5 9. Nd2 Qf6 10. Qxf6 Nxf6 11. Nf3 Nd7 12. Nxe5 Nxe5 13. Bf4 f6 14.
Rad1 Rf8 15. Bxe5 fxe5 16. f3 Ke7 17. Rd2 Rad8 18. Rfd1 Rxd2 19. Rxd2 Ke6 20.
Kf2 c5 21. h4 c6 22. Ke3 Ke7 23. g3 g6 24. f4 Ke6 25. h5 b5 26. hxg6 hxg6 27.
Rh2 a5 28. Rh6 Rg8 29. Kf3 c4 30. f5+ Kf6 31. Rxg6+ Rxg6 32. fxg6 Kxg6 33. Kg4
a4 34. c3 b4 35. a3 b3 36. Kh4 Kh6 37. g4 1-0

[Event "DVM 2008 U20"]
[Site "Arendsee"]
[Date "2008.12.27"]
[Round "2.3"]
[White "Zemella, Christian"]
[Black "Endress, Anna"]
[Result "0-1"]
[WhiteElo "2016"]
[BlackElo "2044"]
[PlyCount "80"]
[EventDate "2008.??.??"]
[WhiteTeam "SF Brackel 1930"]
[BlackTeam "TSV Schott Mainz"]

1. e4 c5 2. Nf3 d6 3. d4 cxd4 4. Nxd4 Nf6 5. Nc3 e6 6. Bg5 Be7 7. f4 Nc6 8.
Nxc6 bxc6 9. e5 dxe5 10. fxe5 Nd7 11. Bxe7 Qxe7 12. Qd6 Qh4+ 13. g3 Qg5 14. Bg2
Qxe5+ 15. Qxe5 Nxe5 16. O-O-O Ke7 17. Rhe1 f6 18. Rd4 Ba6 19. Red1 Rhd8 20. Ra4
Rxd1+ 21. Kxd1 Bc4 22. Bxc6 Rd8+ 23. Ke1 Nxc6 24. Rxc4 Nd4 25. Ne2 Nf3+ 26. Kf2
Ne5 27. Rc7+ Rd7 28. Rxd7+ Kxd7 29. h3 Nc6 30. Ke3 e5 31. c3 Ke6 32. Kd3 f5 33.
b4 g5 34. a4 e4+ 35. Kc4 Ke5 36. b5 Nb8 37. a5 f4 38. gxf4+ gxf4 39. b6 axb6
40. axb6 f3 0-1

[Event "DVM 2008 U20"]
[Site "Arendsee"]
[Date "2008.12.27"]
[Round "2.4"]
[White "Katte, Nicolas"]
[Black "Luft, Dennis"]
[Result "0-1"]
[WhiteElo "1906"]
[BlackElo "1984"]
[PlyCount "50"]
[EventDate "2008.??.??"]
[WhiteTeam "TSV Schott Mainz"]
[BlackTeam "SF Brackel 1930"]

1. d4 d5 2. Nf3 Nf6 3. Bf4 e6 4. e3 Nbd7 5. Bd3 Be7 6. Nbd2 O-O 7. Ne5 c5 8. c3
Qb6 9. b3 Re8 10. g4 cxd4 11. exd4 Nxe5 12. dxe5 Nd7 13. Qc2 Nf8 14. Nf3 Bd7
15. h4 Bb5 16. h5 Bxd3 17. Qxd3 Rac8 18. g5 Rxc3 19. Qe2 Rec8 20. Bd2 Bb4 21.
O-O Rc2 22. h6 Bxd2 23. hxg7 Ng6 24. Nxd2 Qd4 25. Rad1 R8c3 0-1

[Event "DVM 2008 U20"]
[Site "Arendsee"]
[Date "2008.12.27"]
[Round "2.5"]
[White "Strathoff, Martin"]
[Black "Welke, Vincent"]
[Result "1-0"]
[WhiteElo "1922"]
[BlackElo "1722"]
[PlyCount "67"]
[EventDate "2008.??.??"]
[WhiteTeam "SF Brackel 1930"]
[BlackTeam "TSV Schott Mainz"]

1. d4 Nf6 2. c4 g6 3. Nc3 Bg7 4. e4 d6 5. f4 O-O 6. Nf3 c5 7. d5 b5 8. cxb5 Qa5
9. Bd2 a6 10. bxa6 Bxa6 11. Bxa6 Qxa6 12. Qe2 Qxe2+ 13. Kxe2 Nbd7 14. h3 Rfb8
15. b3 Nb6 16. a4 Rb7 17. g4 Rab8 18. Ke3 Na8 19. Nb5 Nc7 20. g5 Nd7 21. Bc3
Rxb5 22. axb5 Bxc3 23. Ra7 Rc8 24. Rb7 Nf8 25. Kd3 Bg7 26. Kc4 e6 27. b6 Na6
28. Kb5 Nb4 29. Rd1 Rd8 30. Rc7 exd5 31. b7 Rb8 32. Rxd5 Nxd5 33. exd5 Bd4 34.
Kc6 1-0

[Event "DVM 2008 U20"]
[Site "Arendsee"]
[Date "2008.12.27"]
[Round "2.6"]
[White "Künitz, Michael"]
[Black "Klobuschinski, Lukas"]
[Result "1/2-1/2"]
[WhiteElo "1674"]
[BlackElo "1854"]
[PlyCount "92"]
[EventDate "2008.??.??"]
[WhiteTeam "TSV Schott Mainz"]
[BlackTeam "SF Brackel 1930"]

1. d4 Nf6 2. c4 e6 3. Nf3 d5 4. Nc3 c5 5. e3 Nc6 6. Be2 dxc4 7. Bxc4 Be7 8. O-O
O-O 9. Re1 a6 10. dxc5 Bxc5 11. a3 b5 12. Ba2 Bb7 13. b4 Ba7 14. Bb2 Rc8 15.
Qe2 Qe7 16. Red1 Rfd8 17. Rxd8+ Rxd8 18. Rd1 h6 19. Bb1 Rxd1+ 20. Qxd1 Qd8 21.
Qc2 Qd6 22. h3 Bb8 23. Ne2 e5 24. Ng3 g6 25. Nh4 Ne7 26. Ba2 Qc6 27. Qd3 Bc7
28. Nf3 e4 29. Qb3 Ned5 30. Bxf6 Bxg3 31. fxg3 exf3 32. Bb2 Qd6 33. e4 Qxg3 34.
Qxf3 Qxf3 35. gxf3 Ne7 36. Kf2 g5 37. Kg3 Ng6 38. Bc1 Bc8 39. Bb3 Kg7 40. Bb2+
Kf8 41. Bc1 Ke7 42. Bb2 Nf4 43. h4 Nh5+ 44. Kh2 Be6 45. Bd1 f6 46. Bc1 Kd6
1/2-1/2

[Event "DVM 2008 U20"]
[Site "Arendsee"]
[Date "2008.12.27"]
[Round "2.1"]
[White "Luo, Xinping"]
[Black "Hauser, Carlos"]
[Result "0-1"]
[WhiteElo "1920"]
[BlackElo "2140"]
[PlyCount "72"]
[EventDate "2008.??.??"]
[WhiteTeam "Heilbronner SV"]
[BlackTeam "SV 1947 Walldorf"]

1. d4 Nf6 2. Bg5 d5 3. Bxf6 exf6 4. e3 Be6 5. Nd2 c6 6. Ne2 Nd7 7. g3 Bd6 8.
Bg2 f5 9. O-O O-O 10. b3 Nf6 11. c4 Re8 12. Qc2 g5 13. c5 Bc7 14. b4 f4 15.
exf4 gxf4 16. Rfe1 Qd7 17. Nxf4 Bxf4 18. gxf4 Nh5 19. Nf1 Nxf4 20. Qd2 Ng6 21.
Ng3 f5 22. Qg5 Qe7 23. Qxe7 Rxe7 24. f3 Rae8 25. Kf2 Nf4 26. Bf1 h5 27. h4 Kf7
28. Ke3 Ng6 29. Nxh5 Rh8 30. Ng3 f4+ 31. Kf2 fxg3+ 32. Kxg3 Nxh4 33. Bd3 Kf6
34. Rh1 Rg8+ 35. Kxh4 Bf5 36. Bxf5 Kxf5 0-1

[Event "DVM 2008 U20"]
[Site "Arendsee"]
[Date "2008.12.27"]
[Round "2.2"]
[White "Frey, Alisa"]
[Black "Geshnizjani, Ramin Tobias"]
[Result "1/2-1/2"]
[WhiteElo "2041"]
[BlackElo "2041"]
[PlyCount "111"]
[EventDate "2008.??.??"]
[WhiteTeam "SV 1947 Walldorf"]
[BlackTeam "Heilbronner SV"]

1. e4 c6 2. d4 d5 3. Nc3 dxe4 4. Nxe4 Nd7 5. Ng5 Ngf6 6. Bd3 e6 7. N1f3 Bd6 8.
Qe2 h6 9. Ne4 Nxe4 10. Qxe4 Nf6 11. Qe2 O-O 12. O-O c5 13. c3 b6 14. Ne5 Bb7
15. Be3 Nd5 16. Nc4 Nf4 17. Bxf4 Bxf4 18. Be4 Bxh2+ 19. Kxh2 Qh4+ 20. Kg1 Qxe4
21. Qxe4 Bxe4 22. Rfd1 Rfd8 23. dxc5 bxc5 24. Ne3 Rab8 25. b3 Kf8 26. Kf1 Ke7
27. Ke1 Rxd1+ 28. Kxd1 h5 29. Ke2 h4 30. Rh1 g5 31. f3 Bd5 32. Nxd5+ exd5 33.
Rd1 Ke6 34. Ke3 Ke5 35. Re1 f5 36. f4+ Kd6 37. fxg5 Re8+ 38. Kf2 Rg8 39. Rh1
Rxg5 40. Rxh4 Rg7 41. Ra4 Ke5 42. Kf3 f4 43. Rxf4 Rxg2 44. Ra4 Rc2 45. c4 dxc4
46. bxc4 Kd4 47. Rxa7 Kxc4 48. Ke3 Kc3 49. a4 Ra2 50. a5 Kc2 51. a6 c4 52. Kd4
c3 53. Rc7 Ra4+ 54. Rc4 Rxc4+ 55. Kxc4 Kb2 56. a7 1/2-1/2